000
00299nam a2200121Ia 4500
005
20251222154325.0
008
251222s9999||||xx |||||||||||||| ||spa||
020
_a
978-612-302-729-2
082
_a
REF.530/H44
100
_a
"Hernández Legua, Juan"
245
0
_a
Diccionario de física
942
_c
LIB
999
_c
33923
_d
33923